| 000 | 00958nac a22002411u 4500 | ||
|---|---|---|---|
| 010 | _a 85019744 | ||
| 020 | _a0070032122 : | ||
| 082 | 0 | 0 |
_a660.63 _bB1541 |
| 090 |
_c4481 _d4481 |
||
| 100 | _aBailey, James E. | ||
| 245 | 1 | 0 |
_aBiochemical engineering fundamentals / _cJames E. Bailey, David F. Ollis. |
| 250 | _a2nd ed. | ||
| 260 |
_aNew York : _bMcGraw-Hill,1986 _cc1986. |
||
| 300 |
_axxi, 984 p. : _bill. ; _c24 cm. |
||
| 440 | 0 | _aMcGraw-Hill chemical engineering series | |
| 504 | _aIncludes bibliographies and index. | ||
| 650 | 0 | _aBiochemical engineering. | |
| 700 | 1 | _aOllis, David F. | |
| 856 | 4 | 2 |
_3Publisher description _uhttp://www.loc.gov/catdir/description/mh022/85019744.html |
| 856 | 4 | 2 |
_3Table of contents _uhttp://www.loc.gov/catdir/toc/mh021/85019744.html |
| 942 |
_cBB _k660.63B1541 |
||
| 999 |
_c4481 _d4481 |
||